000 00740nam a22002057a 4500
999 _c9469
_d9469
008 180704b ||||| |||| 00| 0 eng d
020 _a978-1-337-09182-4
082 _22018
_aDC 364.072
_bM450
100 _928127
_aMaxfield, Michael G.
245 _aReseach methods for criminal justice and criminology/
_cMichael G. Maxfield
250 _a8e
260 _aAustralia:
_bCENGAGE Learning,
_c©2018
300 _av, 479 pages:
_billustrations;
_c26 cm.
500 _aIncludes glossary, references and index.
650 0 _928138
_aCriminal justice, Administration of -- Research -- Methodology
650 0 _928139
_aCriminology -- Research -- Methodology
700 _928140
_aBabbie, Earl R.
365 _b8,179.20
_cPhp.
942 _2ddc
_cDC